000 01113nam a2200301 i 4500
003 EG-GICUC
005 20260121101223.0
008 251115s1993 ua ||||f |||| 00| 0 ara d
040 _a EG-GICUC
_bara
_c EG-GICUC
_d EG-GICUC
_erda
041 _aara
082 0 4 _221
_a345
_bؤ
092 0 4 _221
099 _aLaw1 07 345 ا ن . ق 1993
100 0 _aانور احمد رسلان
_eمؤلف.
245 1 2 _aالقانون الإداري :
_bالتنظيم والنشاط الإداري /
_cدكتور انور احمد رسلان.
264 _aالقاهرة :
_bدار النهضة العربية ,
_c1993.
300 _a193 ؛ صفحة
_c24 سم
_bإيضاحيات، صور، مثيليات ؛
336 _2rda content
_atext
337 _2rda media
_aComputer
338 _2rda carrier
_aOnline Resource
504 _a. 240-220 ببليوجرافيا: صفحات.
546 _aالنص باللغة العربية
650 1 4 _aالقانون الإداري
_2qrmak
651 1 _2qrmak
856 4 0 _uhttps://fll.law.cu.edu.eg/fulltext/bks/B07-00388.pdf
905 _a30
942 _2ddc
_n0
_cBK
_e21
999 _c43320
_d43320